000 01491cam6a220028901 4500
001 qce00202810
005 20190830102931.0
008 781006s1960 enkach b 000 0 eng
010 _a 60043267
035 _a(Sirsi) r111154
035 _a(QCAT)lss02104258
035 _a(UPRA)qce00202810
040 _dUPRA
082 _a343.3
245 0 0 _aTrial of Sir Roger Casement /
_cedited, with an introd., by H. Montgomery Hyde.
250 _a[New ed.].
260 _aLondon :
_bW. Hodge,
_c1960.
440 0 _aNotable British trials
_6S11353.1
500 _aContains the report of the defendant's trial for high treason in the High Court of Justice, King's Bench Division, and of the appeal to the Court of Criminal Appeal.
504 _aIncludes bibliographical references.
700 1 _aHyde, H. Montgomery (Harford Montgomery), 1907-
_qHyde, H. Montgomery (Harford Montgomery), 1907-
_dHyde, H. Montgomery (Harford Montgomery), 1907-
_6A36618.1
700 1 _aCasement, Roger, Sir, 1864-1916.
_cCasement, Roger, Sir, 1864-1916.
_dCasement, Roger, Sir, 1864-1916.
_6A71435.1
710 1 _aGreat Britain. High Court of Justice. King's Bench Division.
_bGreat Britain. High Court of Justice. King's Bench Division.
_bGreat Britain. High Court of Justice. King's Bench Division.
_6A41355.1
710 1 _aGreat Britain. Court of Criminal Appeal.
_bGreat Britain. Court of Criminal Appeal.
_6A71436.1
949 _aK645
_wlcc
_i33729001724033
_mMAIN
_p2500
_tBOOK
_lON-SHELF
004 111154
999 _c184171
_d184171